| 000 | 00681 a2200217 4500 | ||
|---|---|---|---|
| 005 | 20260422114546.0 | ||
| 008 | 260422b |||||||| |||| 00| 0 eng d | ||
| 020 | _a9786009688456 (pbk) | ||
| 037 | _cTB | ||
| 040 |
_aCRL _cCRL |
||
| 041 |
_2PER _aPER |
||
| 084 |
_aU8.591 164Q8 _qCRL |
||
| 100 |
_aSherwani, Ali Akbar _91114608 |
||
| 245 | _aQahuva Istanbul neku mi sauzad | ||
| 260 |
_aTehran, Iran: _bAtraf Publishers, _c2018. |
||
| 300 | _a214p. | ||
| 365 |
_b600.00 _cINR |
||
| 650 | _aTravel | ||
| 942 |
_cTB _2CC _hU8.591 164Q8 |
||
| 999 |
_c1679001 _d1679001 |
||